[Event "Blechzin Memorial 2021"]
[Site "St. Petersburg"]
[Date "2021.04.14"]
[Round "3.1"]
[White "Shimanov, Aleksandr"]
[Black "Khairullin, Ildar"]
[Result "0-1"]
[WhiteElo "2597"]
[BlackElo "2615"]
[Annotator "TA"]
[PlyCount "80"]
[EventDate "2021.04.14"]
[EventType "tourn"]
[EventCountry "RUS"]
[SourceTitle "playchess.com"]
[Source "ChessBase"]
[SourceQuality "1"]

{[%evp 9,80,12,48,11,28,-16,-14,-44,-60,-46,-48,-107,-43,-90,-16,-23,-26,-149,-140,-170,-165,-163,-75,-86,-95,-647,-652,-771,-301,-758,-296,-270,-216,-425,-358,-377,-346,-353,-356,-315,-154,-156,-151,-272,-137,-154,-148,-294,-241,-278,-53,-46,-33,-233,-56,-949,-813,-881,-813,-816,-766,-764,-762,-993,-967,-1154,-1129,-1125,-1113,-1066,-784,-1081,-1055]} 1. e4 c5 2. Nc3 e6 3. Nge2 Nc6 4. d4 cxd4 5. Nxd4 Qc7 6. g4 {B47: Sicilian: Taimanov: 5 Nc3 Qc7 6 f4, 6 g3 and 6 Be2.} h6 $5 {[%mdl 4] [#] An interesting side line.} 7. h4 $146 ({Predecessor:} 7. Bg2 a6 8. Nxc6 dxc6 9. Qf3 e5 10. Bd2 Nf6 11. h3 Be6 12. Ne2 Nxe4 13. Qxe4 Bd5 {0-1 (33) Lindsoe,F (2001)-Rosberg,S (2246) Gibraltar 2008}) 7... Nf6 8. Rg1 {The position is equal.} Bb4 9. Ndb5 Qa5 10. f3 (10. Bf4 $15) 10... a6 (10... d5 $1 $17 {[%cal Rd5d4]} 11. g5 hxg5 12. hxg5 Nh5) 11. Nd6+ $15 Ke7 (11... Kf8 $1 $17 {Threatens to win with ...Qc5.} 12. Be3 Qc7) 12. Nc4 $1 $11 {[%cal Rc4a5]} (12. Bf4 Ne5 $17) 12... Qc7 $36 {[%mdl 2048] Hoping for ...b5. Black is pushing.} (12... Bxc3+ $2 13. bxc3 Qxc3+ 14. Kf2 $18) 13. Bd2 (13. Be3 $11) 13... b5 $1 $17 {[%cal Rb5c4]} 14. g5 hxg5 15. hxg5 bxc4 (15... Nh5 $19 16. Ne3 Qh2) 16. gxf6+ gxf6 17. Bxc4 $2 {[%mdl 8192]} (17. Be3 $17) 17... Bc5 $19 18. Rg2 Rb8 $2 (18... Rh2 19. Qe2 Rh1+ 20. Qf1 Rxf1+ 21. Bxf1 Nd4 {[%mdl 64] Double Attack}) 19. Na4 $2 {[#]} (19. Bf1) 19... Ba7 $2 (19... Rh2 $1 20. Qe2 (20. Bf4 Qxf4) 20... Rh1+ 21. Qf1 Rxf1+ 22. Bxf1 Nd4) 20. Bf1 Rh1 {aiming for ...d5.} 21. c3 $2 (21. c4) 21... d6 22. Qe2 Bd7 23. b3 Ne5 24. Nb2 a5 (24... Rh3 $19 {is more deadly.} 25. f4 Nf3+ 26. Kd1 Nxd2 27. Qxd2 Qxc3 28. Qxc3 Rxc3) 25. f4 $17 Ng6 26. Rh2 {[#]} (26. Nd3 $17) 26... Rxh2 (26... Nxf4 $1 $19 {[%mdl 512]} 27. Bxf4 Qxc3+ 28. Qd2 Rxf1+ $1 {[%mdl 64] Decoy} 29. Kxf1 Qf3+ {[%mdl 64] Double Attack} 30. Ke1 Bc5) 27. Qxh2 a4 {[%cal Ba5a4,Ba4a3][%mdl 32]} 28. b4 (28. Qe2 $17) 28... a3 29. Nc4 Bc6 $2 ({Black should try} 29... Rh8 $19 30. Qg2 Bb5 31. Nxa3 Nxf4 $1 {[%mdl 512]}) 30. f5 $15 Rh8 31. Qe2 {[#]} (31. Qg3 $1 $15 Ne5 32. Nxe5 dxe5 33. fxe6 Bxe4 34. O-O-O) 31... Ne5 $2 (31... d5 $1 $19 32. O-O-O (32. exd5 $2 Qg3+ 33. Kd1 Nf4 $19) 32... Rh2 $1) 32. fxe6 $2 {[%mdl 8192]} (32. Nxe5 $15 dxe5 33. fxe6) 32... Bb5 {[%cal Rb5c4] Black is clearly winning.} 33. Ne3 Bxe2 ({Stronger than} 33... Nd3+ {[#]} 34. Qxd3 $1 Bxd3 35. Nd5+ Kf8 36. Nxc7 $11) 34. Nd5+ Kd8 {...Qc4! is the strong threat.} 35. Nxc7 Bxf1 ({Weaker is} 35... Kxc7 36. Bxe2 fxe6 37. O-O-O $15) 36. Nd5 Bc4 {[%cal Rh8h1]} 37. e7+ Kd7 {[%cal Rh8h1]} 38. O-O-O Bxa2 39. Kc2 Bc4 40. Ra1 a2 {Weighted Error Value: White=1.08/Black=0.73} 0-1

[Event "Blechzin Memorial 2021"]
[Site "St. Petersburg"]
[Date "2021.04.14"]
[Round "3.2"]
[White "Matlakov, Maxim"]
[Black "Romanov, Evgeny"]
[Result "1/2-1/2"]
[WhiteElo "2688"]
[BlackElo "2599"]
[Annotator "TA"]
[PlyCount "64"]
[EventDate "2021.04.14"]
[EventType "tourn"]
[EventCountry "RUS"]
[SourceTitle "playchess.com"]
[Source "ChessBase"]
[SourceQuality "1"]

{[%evp 12,64,60,58,77,43,50,25,47,48,46,50,44,0,0,0,0,-68,-75,-69,-71,-60,-62,-66,-66,-63,-65,-91,-79,-112,-62,-96,-95,-142,-150,-149,-136,-134,-132,-113,-13,-15,-18,-19,-18,-15,-15,-15,-15,-15,0,-15,-15,-15,-8]} 1. d4 Nf6 2. c4 e6 3. Nf3 b6 4. a3 g6 5. Nc3 Bb7 6. Qc2 Bxf3 7. exf3 Bg7 {E12: Queen's Indian: Unusual White 4th moves, 4 a3, 4 Nc3 Bb7 5 a3 and 4 Nc3 Bb7 .} 8. d5 O-O 9. Be2 exd5 {White has an edge.} 10. cxd5 c6 {[#]} 11. Bg5 $146 ({Predecessor:} 11. O-O Nxd5 12. Nxd5 cxd5 13. Rd1 d4 14. Rb1 Nc6 15. b4 Re8 16. Bb2 Rc8 17. Qd2 {0-1 (28) Sanikidze,T (2507)-Shaposhnikov,E (2576) St Petersburg 2018}) 11... h6 12. Bh4 g5 13. Bg3 Nxd5 14. O-O ({White should play} 14. Nxd5 $11 cxd5 15. O-O) 14... Nxc3 $15 15. bxc3 d5 16. f4 gxf4 17. Bxf4 Qf6 18. Bd2 Nd7 {[%cal Bb8d7,Bd7e5,Be5c4][%mdl 32]} 19. Rad1 Rfe8 20. Rfe1 Re7 21. Bd3 Ne5 22. Be3 Rae8 23. h3 Nc4 24. Bxc4 dxc4 25. Rd4 Qg6 (25... b5 $17 {And now ...Qg6 would win.} 26. Rc1 h5) 26. Qxg6 $11 {The position is equal.} fxg6 27. Rxc4 c5 28. Rd1 Re4 29. Rxe4 Rxe4 30. Rd8+ Kf7 31. Rd7+ Re7 32. Rxe7+ Kxe7 {Weighted Error Value: White=0.19/Black=0.15} 1/2-1/2

[Event "Blechzin Memorial 2021"]
[Site "St. Petersburg"]
[Date "2021.04.14"]
[Round "3.3"]
[White "Goganov, Aleksey"]
[Black "Khalifman, Alexander"]
[Result "1/2-1/2"]
[WhiteElo "2575"]
[BlackElo "2608"]
[Annotator "TA"]
[PlyCount "31"]
[EventDate "2021.04.14"]
[EventType "tourn"]
[EventCountry "RUS"]
[SourceTitle "playchess.com"]
[Source "ChessBase"]
[SourceQuality "1"]

{[%evp 12,16,16,28,35,9,8]} 1. d4 Nf6 2. c4 e6 3. Nc3 Bb4 4. e3 c5 5. Nge2 d5 6. a3 Ba5 7. dxc5 dxc4 {E42: Nimzo-Indian: Rubinstein: 4...c5 5 Ne2.} 8. Qxd8+ Bxd8 {[#] An uneventful encounter. Not enough moves} {Predecessor:} 9. Ng3 $146 Nbd7 10. Bxc4 Nxc5 11. b4 Ncd7 12. Bb2 Nb6 13. Be2 Bd7 14. Nce4 Bc6 15. Bf3 Nxe4 16. Bxe4 {½-½ (25) Jones,G (2648)-Stocek,J (2529) Bunratty 2014} 1/2-1/2

[Event "Blechzin Memorial 2021"]
[Site "St. Petersburg"]
[Date "2021.04.14"]
[Round "3.4"]
[White "Lintchevski, Daniil"]
[Black "Gorovykh, Eduard"]
[Result "1-0"]
[WhiteElo "2555"]
[BlackElo "2488"]
[Annotator "TA"]
[PlyCount "49"]
[EventDate "2021.04.14"]
[EventType "tourn"]
[EventCountry "RUS"]
[SourceTitle "playchess.com"]
[Source "ChessBase"]
[SourceQuality "1"]

{[%evp 14,49,37,30,38,31,72,76,88,80,81,75,82,72,89,81,122,127,147,118,116,122,174,170,233,168,177,120,110,104,236,239,216,239,231,230,284,273]} 1. e4 e6 2. d4 d5 3. exd5 exd5 4. Nf3 Nf6 5. Bd3 Be7 6. O-O O-O 7. Bg5 Bg4 8. Nbd2 c6 {C01: French: Exchange Variation.} 9. c3 Bh5 10. Re1 Nbd7 {White is better.} 11. Qb3 Nb6 12. a4 {[%cal Ba2a4,Ba4a5,Ba5a6][%mdl 32]} Qc7 13. a5 Nc8 14. Ne5 $36 {[%mdl 2048] [#] Black is under strong pressure.} Nd6 $146 ({Predecessor:} 14... Bg6 15. Nxg6 hxg6 16. Nf3 Nh5 17. Bd2 Nd6 18. Ne5 Rfe8 19. Re2 Bf8 20. Qa4 Re6 {1-0 (76) Baklan,V (2633)-Swiercz,D (2501) Lublin 2010}) 15. a6 {Strongly threatening axb7.} Rab8 16. Qa4 b5 17. Qc2 Rb6 (17... Rfe8 $16 {was worth a try.}) 18. Bxf6 $18 gxf6 19. Bxh7+ Kg7 {[#] aiming for ...Rh8.} 20. Nef3 (20. Re3 $1 $18 {[%cal Re3g3] Hoping for Rg3+.} Rh8 21. Rg3+ Kf8 22. Nef3) 20... Rh8 $16 21. Bd3 Ne4 {Black cannot hold the game after this.} (21... Bg4 $16 {was necessary.} 22. g3 Bd8) 22. Bxe4 $18 dxe4 23. Qxe4 Bd6 24. Nh4 {And now Nf5+ would win.} Bg6 25. Nxg6 {Weighted Error Value: White=0.12/Black=0.25} 1-0

[Event "Blechzin Memorial 2021"]
[Site "St. Petersburg"]
[Date "2021.04.14"]
[Round "3.5"]
[White "Levin, Evgeny A."]
[Black "Yevseev, Denis"]
[Result "1-0"]
[WhiteElo "2502"]
[BlackElo "2474"]
[Annotator "TA"]
[PlyCount "129"]
[EventDate "2021.04.14"]
[EventType "tourn"]
[EventCountry "RUS"]
[SourceTitle "playchess.com"]
[Source "ChessBase"]
[SourceQuality "1"]

{[%evp 10,129,17,-3,22,0,0,-22,-18,-31,-13,-9,-3,-3,10,-6,58,12,26,5,5,7,22,38,46,18,8,-18,58,22,27,47,53,47,43,18,19,12,26,10,21,7,45,47,47,47,61,46,38,39,41,19,48,24,105,4,8,13,31,31,26,30,82,34,37,37,38,38,69,31,31,19,52,52,48,56,75,72,89,73,114,114,115,115,240,238,216,172,555,170,175,175,201,206,239,239,233,233,239,239,239,231,217,116,222,229,386,379,379,379,379,375,364,364,834,818,770,781,985,1047,928,766]} 1. d4 Nf6 2. c4 e6 3. Nc3 Bb4 4. e3 O-O 5. Nf3 d5 6. Bd2 Re8 {E51: Nimzo-Indian: Rubinstein: 4...0-0 5 Nf3 d5.} 7. a3 Bf8 8. Qc2 Nbd7 {[#] The position is equal.} 9. Bd3 $146 ({Predecessor:} 9. b4 c6 10. cxd5 exd5 11. Bd3 b6 12. O-O Bb7 13. Rab1 Bd6 14. e4 dxe4 15. Nxe4 {0-1 (35) Nestorovic,I (1995)-Zegarac,V (2295) Senta 2019}) 9... dxc4 10. Bxc4 c5 11. dxc5 Nxc5 12. e4 h6 (12... a6 $11) 13. b4 Ncd7 14. O-O a6 15. e5 Qc7 16. exf6 Qxc4 17. fxg7 Bxg7 18. Rac1 Nb6 ({Black should play} 18... b5 $11) 19. Be3 Nd5 20. Nxd5 Qxc2 21. Rxc2 exd5 22. Nd4 Re4 23. Rd1 Bg4 24. Rdd2 Rc8 25. h3 Bxd4 26. Rxc8+ Bxc8 27. Bxd4 $11 {[%mdl 4096] Endgame KRB-KRB} Re1+ 28. Kh2 Be6 29. Rd3 h5 30. Kg3 Kh7 31. Kh4 Bf5 (31... Kh6 $11 {remains equal.}) 32. Rd2 (32. Rf3 $16 Bg6 33. Kg5) 32... Kg6 33. f3 Rc1 34. g4 hxg4 35. hxg4 Be6 (35... Bb1 $11) 36. Kg3 f5 37. Re2 Rc6 38. gxf5+ Bxf5 39. Re7 (39. Kf4 $5 {[%cal Re2g2]} Bc8 40. Re7 $16) 39... Rc4 40. Be5 (40. Rg7+ {keeps more tension.} Kh6 41. Bf6 Rc6 42. Be5 Rg6+ 43. Kf4) 40... b5 41. Rg7+ Kh6 42. Rf7 Bc2 43. Rf6+ {White leaves nothing to chance now.} Kh7 44. Rd6 Bb3 45. Rxa6 Kg8 46. Rb6 Bc2 (46... Ba4 $16 {was necessary.} 47. f4 Kf7) 47. Rxb5 $18 d4 48. Rd5 d3 $2 (48... Rc3 {is tougher.} 49. Ra5 (49. Rxd4 Rxa3 50. Rc4 Bd1 $18) 49... Bd1) 49. Rd7 $2 (49. b5) 49... Kf8 50. f4 Ke8 51. Rd6 Re4 52. Kf3 Re1 53. Bc3 Bd1+ 54. Kg3 Re3+ 55. Kh4 Ke7 {[#]} 56. Be5 (56. Bd2 $1 $18 {[%mdl 512]}) 56... Bc2 {[#]} (56... Ba4 $16) 57. b5 $1 {[%cal Bb4b5,Bb5b6][%mdl 32]} Re2 $2 (57... Bd1 58. Rd4 Ke6 59. Rd6+ Ke7) 58. b6 {b7 would kill now.} Re1 59. Rd4 Rb1 {[#]} 60. Bc7 Ke6 61. Kg3 Rg1+ $2 (61... Kf5 62. Kf2 d2) 62. Kf2 {White is clearly winning.} Rb1 63. Ke3 Re1+ 64. Kd2 Rb1 65. a4 {Weighted Error Value: White=0.19/Black=0.32} 1-0

[Event "Blechzin Memorial 2021"]
[Site "St. Petersburg"]
[Date "2021.04.14"]
[Round "4.1"]
[White "Khairullin, Ildar"]
[Black "Yevseev, Denis"]
[Result "1-0"]
[WhiteElo "2615"]
[BlackElo "2474"]
[Annotator "TA"]
[PlyCount "57"]
[EventDate "2021.04.14"]
[EventType "tourn"]
[EventCountry "RUS"]
[SourceTitle "playchess.com"]
[Source "ChessBase"]
[SourceQuality "1"]

{[%evp 9,57,-5,0,-31,9,-30,-16,-19,11,2,61,41,67,52,51,58,52,39,116,31,125,114,163,185,162,169,224,202,308,263,300,210,217,195,231,172,286,263,246,239,448,210,318,337,714,692,741,762,1096,1050]} 1. e4 c6 2. d4 d5 3. f3 e6 4. Nc3 Bb4 5. Bd2 Ne7 {[#]} 6. h4 $146 {B12: Caro-Kann: Advance Variation.} ({Predecessor:} 6. Bd3 b6 7. a3 Bxc3 8. Bxc3 O-O 9. f4 c5 10. dxc5 bxc5 11. Qh5 Ba6 12. Nf3 d4 13. Bd2 {1-0 (65) Vachier Lagrave,M (2784)-Donchenko,A (2668) Wijk aan Zee 2021}) 6... Nd7 7. h5 h6 8. Qe2 {The position is equal.} O-O 9. O-O-O e5 (9... c5 $11) 10. dxe5 $14 d4 11. Nb1 Bxd2+ 12. Qxd2 c5 13. f4 Nc6 (13... f5 $1 $14) 14. Na3 (14. Nf3 $16) 14... Nb6 (14... a6 $1 $14) 15. Nf3 $16 f6 16. exf6 Qxf6 17. f5 Qf7 (17... Re8 $142) 18. Kb1 Nb4 (18... a5 {was called for.} 19. Qe2 Qf6) 19. b3 $18 Qe7 20. Rh4 a5 {intending ...a4.} 21. Nc4 Nd7 22. c3 dxc3 (22... Nc6 $142 23. a4 (23. cxd4 cxd4 24. Rf4 Nf6 $18) 23... Kh8) 23. Qxc3 a4 24. Nd6 axb3 $2 {[#]} (24... Nc6 25. bxa4 Nd4) 25. axb3 (25. Qxb3+ $142 Kh8 26. Qe6) 25... b6 (25... b5 $142 26. Bxb5 Ba6) 26. e5 Ba6 (26... Rd8) 27. Bxa6 {White is clearly winning.} Rxa6 28. Rxb4 Rfa8 29. Ra4 {Black did not feel at home in the position after the opening.  Weighted Error Value: White=0.30/Black=0.54} 1-0

[Event "Blechzin Memorial 2021"]
[Site "St. Petersburg"]
[Date "2021.04.14"]
[Round "4.2"]
[White "Gorovykh, Eduard"]
[Black "Levin, Evgeny A."]
[Result "0-1"]
[WhiteElo "2488"]
[BlackElo "2502"]
[Annotator "TA"]
[PlyCount "46"]
[EventDate "2021.04.14"]
[EventType "tourn"]
[EventCountry "RUS"]
[SourceTitle "playchess.com"]
[Source "ChessBase"]
[SourceQuality "1"]

{[%evp 11,46,0,0,-14,-13,-21,-19,-83,-79,-63,-73,-108,-112,-98,-83,-139,-143,-143,-147,-131,-143,-306,-307,-324,-317,-331,-277,-272,-259,-278,-268,-307,-295,-561,-326,-554,-558]} 1. Nf3 Nf6 2. g3 g6 3. Bg2 Bg7 4. O-O O-O 5. d3 d5 6. Nbd2 Nc6 7. Rb1 {A07: Réti Opening: New York and Capablanca Systems.} a5 8. a3 e5 9. b4 (9. e4 $11) 9... axb4 $17 10. axb4 {[#]} e4 $5 $146 {[%mdl 8] New and interesting.} ({Predecessor:} 10... Re8 11. b5 Nb8 12. e4 dxe4 13. dxe4 Nbd7 14. Bb2 b6 15. Nc4 Bb7 16. Nfxe5 Nxe5 17. Qxd8 {1-0 (58) Shoker,S-Lepan,M (2063) Sautron 2000}) 11. Ne1 e3 12. fxe3 Ng4 13. Ndf3 (13. Nb3 $142) 13... Qe7 14. e4 dxe4 15. dxe4 Nxb4 16. h3 $2 {[#]} (16. Bg5 $17 Qc5+ 17. Kh1) 16... Na2 $1 $19 {[%cal Ra2c3] Strongly threatening ...Nc3.} 17. Rb3 {[#]} (17. Bg5 Qc5+) 17... Be6 18. Rd3 (18. Rxb7 Qc5+) 18... Qc5+ 19. e3 Nxc1 20. Qxc1 Ne5 21. Nxe5 Bxe5 ({Don't do} 21... Qxe5 22. Nf3 $19) 22. Rf3 $2 (22. Rd1) 22... Bc4 {Hoping for ...Ra1.} 23. Rd7 $2 (23. Qd2) 23... Bc3 {White did not feel at home in the position after the opening.  Weighted Error Value: White=0.66/Black=0.19} 0-1

[Event "Blechzin Memorial 2021"]
[Site "St. Petersburg"]
[Date "2021.04.14"]
[Round "4.4"]
[White "Romanov, Evgeny"]
[Black "Goganov, Aleksey"]
[Result "1-0"]
[WhiteElo "2599"]
[BlackElo "2575"]
[Annotator "TA"]
[PlyCount "117"]
[EventDate "2021.04.14"]
[EventType "tourn"]
[EventCountry "RUS"]
[SourceTitle "playchess.com"]
[Source "ChessBase"]
[SourceQuality "1"]

{[%evp 9,117,0,4,0,-12,-17,0,0,2,-12,23,2,13,16,24,24,13,12,126,31,33,0,18,0,49,45,43,40,40,0,0,0,0,0,0,0,0,-11,0,6,64,51,75,63,62,64,61,59,49,41,60,50,64,52,62,60,34,0,0,0,0,-31,61,73,62,52,70,58,66,0,17,0,0,-58,-73,-163,-172,-227,-229,-370,-355,-331,-110,-127,-116,-180,-160,-179,-140,-266,-91,-137,-19,-201,-120,-181,0,0,0,-165,-155,-169,1150,1000,1960,1242,29975,29976,5620,5617]} 1. e4 c5 2. Nc3 d6 3. f4 g6 4. Nf3 Bg7 5. Bb5+ Bd7 6. Bc4 {B23: Closed Sicilian: Lines without g3.} e6 7. d3 Nc6 8. f5 {The position is equal.} Nf6 {[#]} 9. fxe6 $146 ({Predecessor:} 9. fxg6 hxg6 10. Bf4 Qb8 11. Nb5 Bf8 12. a4 a6 13. Nc3 Bg7 14. h3 Ng4 15. O-O {½-½ (75) Kadric,D (2585)-Alekseenko,K (2704) Caleta 2020}) 9... fxe6 10. Bf4 Qe7 11. Nb5 e5 $1 {[%cal Re5f4]} 12. Bg5 {Nc7+ is the strong threat.} O-O-O 13. O-O h6 {[#]} (13... Rdf8 $11 {keeps the balance.}) 14. Bxf6 (14. Nh4 $1 $16 {[%cal Rh4g6]} Be8 15. Bxf6 Bxf6 16. Nxg6 $1 {[%mdl 576] Decoy} Bxg6 17. Qg4+ {[%mdl 64] Double Attack} Kb8 18. Qxg6) 14... Bxf6 $14 15. a3 Kb8 16. b4 Nd4 17. Nc3 Qg7 18. Nd5 Rdf8 19. c3 Nxf3+ 20. Qxf3 {[%cal Rd5f6]} Bd8 21. Qe3 Rxf1+ 22. Rxf1 Rf8 23. Rb1 Bc6 24. bxc5 Bg5 (24... Bh4 $1 $11) 25. Qh3 Bd7 26. Qg3 dxc5 27. d4 Bf4 28. Nxf4 exf4 29. Qf2 cxd4 30. Bd5 (30. Qxd4 {seems wilder.} Qxd4+ 31. cxd4 Rc8 32. Ba6 Rc7 33. d5) 30... Bc8 31. cxd4 Qe7 32. e5 Qxa3 33. e6 Qd6 34. Qf3 {[%cal Rd5b7]} b6 35. Re1 Rd8 {[#]} (35... Re8 $15) 36. e7 $1 Re8 37. Qe4 {Black must now prevent Bf7.} Rxe7 38. Qxe7 {[%cal Re7d6]} Qxd5 {[%mdl 4096] Endgame KQR-KQB} 39. Qg7 ({Better is} 39. Qf6 $1 $14) 39... g5 40. Rc1 {White threatens Qc7+ and mate.} Bd7 41. Qf6 (41. Qe5+ $11 Qxe5 42. dxe5) 41... Kb7 $15 42. h3 (42. Qe5 $17 Qxe5 43. dxe5) 42... a5 $1 $19 43. Rb1 (43. Rd1 $142) 43... Bc6 {[%csl Gc6][%cal Rd5g2]} 44. Qe7+ (44. Rb2 {only move.}) 44... Ka6 {[%csl Gc6][%cal Rd5g2]} 45. Qe2+ Ka7 $2 (45... b5 $19 {is more deadly.} 46. Qd2 b4 47. Qe2+ Kb6) 46. Qb2 $17 b5 47. Re1 (47. Rc1 $17) 47... Kb6 $19 48. Re5 Qc4 49. Rc5 (49. h4 $17) 49... Qd3 $2 (49... Qb4 $1 $19 {[%cal Rb4b2]} 50. Qf2 a4) 50. Re5 $17 {intending Qf2.} a4 (50... Bd7 $1 $17 {Strongly threatening ...b4.} 51. Re7 Bc6) 51. Qf2 $2 {[#]} (51. Qb4 $1 $11 {and White stays safe.} Qd1+ 52. Kh2) 51... Ka5 $1 $19 {Hoping for ...a3.} 52. Qe1+ Kb6 $2 (52... Ka6 $19 53. Qb4 Qd1+ 54. Kf2 Qc2+ 55. Ke1 Qc1+ 56. Kf2 a3) 53. Qf2 $36 {[%mdl 2048] Threatens to win with d5+. White is more active.} Ka5 $2 (53... Kb7 $11 54. d5 Bd7) 54. Qe1+ $1 $19 Ka6 55. Qb4 {aiming for Qd6.} Qb3 $4 {[%mdl 8192] [#]} (55... Qg3 $19 56. Qd2 f3) 56. Qd6 $1 $18 {[%cal Rd6c6][%mdl 64] Double Attack} Qc2 57. d5 {[%mdl 64] Pin} f3 58. Qxc6+ Qxc6 59. dxc6 {Weighted Error Value: White=0.24/Black=0.43} 1-0

[Event "Blechzin Memorial 2021"]
[Site "St. Petersburg"]
[Date "2021.04.14"]
[Round "4.5"]
[White "Shimanov, Aleksandr"]
[Black "Matlakov, Maxim"]
[Result "1/2-1/2"]
[WhiteElo "2597"]
[BlackElo "2688"]
[Annotator "TA"]
[PlyCount "83"]
[EventDate "2021.04.14"]
[EventType "tourn"]
[EventCountry "RUS"]
[SourceTitle "playchess.com"]
[Source "ChessBase"]
[SourceQuality "1"]

{[%evp 16,83,11,1,0,1,7,0,0,0,0,0,0,0,15,15,20,16,21,8,12,0,23,25,29,16,23,0,24,20,19,23,46,20,58,11,14,12,23,0,49,0,38,30,31,16,29,-10,8,14,13,13,0,4,52,13,17,16,27,27,41,10,18,10,14,14,15,4,26,0]} 1. Nf3 d5 2. g3 Bg4 3. Bg2 c6 4. c4 e6 5. cxd5 Bxf3 6. Bxf3 cxd5 7. O-O Nc6 8. d4 Nf6 9. Nc3 Be7 {A11: English Opening: 1...c6.} 10. e3 O-O 11. Bd2 Na5 {The position is equal.} 12. b3 Rc8 {[#]} 13. Qe2 $146 ({Predecessor:} 13. Qb1 Nd7 14. Qb2 a6 15. Rfc1 b5 16. Ne2 Qb6 17. Nf4 Nb7 18. Be2 a5 19. a3 {½-½ (81) Rodshtein,M (2678)-Geske,J (2386) Bilbao 2014}) 13... Nc6 14. a3 Ne8 15. Rfc1 Qd7 16. Na4 {[%cal Bc3a4,Ba4b2,Bb2d3][%mdl 32]} b6 17. Nb2 Nd6 18. Nd3 f5 19. Be1 Rc7 20. Qb2 Rfc8 21. Bg2 Bf6 22. Rc2 g5 23. Rac1 h5 24. h3 Ne4 25. f3 Nd6 26. Bf2 Qg7 27. Kf1 a5 28. a4 (28. Ne5 $5 Nd8 29. Rxc7 Rxc7 30. Rxc7 Qxc7 31. a4 $14) 28... Kh7 29. Qb1 Kh6 30. Rc3 Qd7 31. R1c2 Ne7 32. Qc1 {[%cal Rc3c7]} Rxc3 33. Rxc3 Rxc3 34. Qxc3 Qc6 (34... Ng6 {with more complications.} 35. Qc2 Kg7 36. Qc1 Nf7 37. Be1 Nd6) 35. Be1 (35. Qxc6 {keeps more tension.} Nxc6 36. h4 g4 37. Nf4 Nd8 38. Bh1) 35... Qxc3 36. Bxc3 Nc6 37. Ke2 Kg7 38. Kd2 Kf7 39. Bb2 Be7 40. Ke2 Bf6 41. Ba3 Be7 42. Bb2 {Weighted Error Value: White=0.11/Black=0.10} 1/2-1/2

[Event "Blechzin Memorial 2021"]
[Site "St. Petersburg"]
[Date "2021.04.14"]
[Round "5.1"]
[White "Matlakov, Maxim"]
[Black "Khairullin, Ildar"]
[Result "1/2-1/2"]
[WhiteElo "2688"]
[BlackElo "2615"]
[Annotator "TA"]
[PlyCount "45"]
[EventDate "2021.04.14"]
[EventType "tourn"]
[EventCountry "RUS"]
[SourceTitle "playchess.com"]
[Source "ChessBase"]
[SourceQuality "1"]

{[%evp 11,45,16,21,14,17,0,0,-22,-5,-11,-19,-5,-8,-9,0,-29,-14,-54,-41,-66,-39,-37,-20,-44,-37,-35,-29,-29,-31,-37,-18,-25,-11,-28,-8,-12]} 1. e4 e5 2. Nf3 Nc6 3. Bc4 Bc5 4. d3 Nf6 5. Nbd2 d6 6. c3 O-O 7. h3 {C54: Giuoco Piano: 4 c3 Nf6, main lines with 5 d4 and 5 d3.} a5 8. Nf1 Be6 9. Bb5 {[#]} Ne7 $146 ({Predecessor:} 9... h6 10. Ng3 Bd7 11. O-O Re8 12. a4 d5 13. exd5 Nxd5 14. Re1 Bd6 15. Bc4 Nf4 16. Bxf4 exf4 {1-0 (37) Mamedov,R (2654)-Vasli,A (2384) Tornelo INT 2021}) 10. Ng3 Ng6 11. O-O c6 12. Ba4 d5 13. exd5 Bxd5 14. Re1 Re8 15. Ng5 Qb6 16. Qc2 Rad8 17. Bb3 h6 {[#] Threatens to win with ...Bxb3.} 18. N5e4 Nxe4 19. dxe4 Bxb3 20. axb3 Qc7 21. Nf5 b6 22. g3 Ne7 23. Nh4 {Weighted Error Value: White=0.11/Black=0.09} 1/2-1/2

[Event "Blechzin Memorial 2021"]
[Site "St. Petersburg"]
[Date "2021.04.14"]
[Round "5.2"]
[White "Goganov, Aleksey"]
[Black "Shimanov, Aleksandr"]
[Result "0-1"]
[WhiteElo "2575"]
[BlackElo "2597"]
[Annotator "TA"]
[PlyCount "34"]
[EventDate "2021.04.14"]
[EventType "tourn"]
[EventCountry "RUS"]
[SourceTitle "playchess.com"]
[Source "ChessBase"]
[SourceQuality "1"]

{[%evp 10,34,22,22,28,31,27,25,22,7,13,10,37,36,151,160,152,17,26,-7,-5,-10,-31,-86,-77,-238,-244]} 1. e4 c6 2. d4 d5 3. e5 Bf5 4. Nd2 e6 5. Nb3 Nd7 6. Nf3 h6 {B12: Caro-Kann: Advance Variation.} 7. Be2 Ne7 8. O-O g5 {White has an edge.} 9. Bd2 a5 10. a4 Qc7 11. Rc1 {[#] is now more promising than 11.Ne1.} f6 $1 $146 {[%mdl 8] An important novelty.} (11... Bg7 $14) ({Predecessor:} 11... Bg7 12. c4 O-O 13. h4 g4 14. Ne1 f6 15. exf6 Nxf6 16. g3 dxc4 17. Bxc4 Ned5 {1-0 (58) So,W (2767)-Artemiev,V (2746) chess.com INT 2019}) 12. exf6 $16 Ng6 13. Qe1 (13. Ne5 $16 Ngxe5 14. dxe5) 13... Bd6 $1 $11 14. h3 O-O 15. c4 Nxf6 {[%cal Bd7f6,Bf6e4,Be4d2][%mdl 32]} 16. Nxa5 (16. c5 $15 Bf4 17. Bd1) 16... Ne4 $17 17. c5 $2 {[#]} (17. Nb3 $17 {was necessary.}) 17... Nxd2 {Black used his chance.  Weighted Error Value: White=0.37/Black=0.18} 0-1